Financial management : a multimedia program /

Saved in:
Bibliographic Details
Main Author: Frame, Robert
Other Authors: Curry, Dudley W.
Format: Book
Language:English
Published: Columbus, Ohio, : Merrill, [1974].
Subjects:
LEADER 01012nam a2200277 a 4500
001 c000185003
003 CARM
005 20050815133751.0
008 740802s1974 ohu 001 0 eng
019 1 |a 528329  |z 23870956  |5 LACONCORD2021 
020 |a 0675088526 
035 |a (OCoLC)1007890  |5 LACONCORD2021 
040 |a LC  |b eng  |c LC  |d ABN:1 
050 0 0 |a HF5550  |b .F63 
082 0 4 |a 658.1/5  |2 19 
100 1 |a Frame, Robert. 
245 1 0 |a Financial management :  |b a multimedia program /  |c [by] Robert J. Frame [and] Dudley W. Curry. 
260 |a Columbus, Ohio, :  |b Merrill,  |c [1974]. 
300 |a 1 v. (various pagings) ;  |c 24 cm. 
650 0 |a Finance. 
650 0 |a Finance  |v Problems, exercises, etc. 
650 0 |a Finance  |x Audio-visual aids. 
700 1 |a Curry, Dudley W. 
852 8 |b CARM  |h A2:AP02D0  |i C07150  |p 0257699  |f BK 
999 f f |i bbc65438-a819-5898-aa72-c52a2d6ff5d3  |s 651ff78f-40fc-5f75-8eb9-f8defef9b702 
952 f f |p Can circulate  |a CAVAL  |b CAVAL  |c CAVAL  |d CARM 1 Store  |e C07150  |f A2:AP02D0  |h Other scheme  |i book  |m 0257699